000 00631nam a2200229Ia 4500
003 OSt
005 20221005021853.0
006 a|||||r|||| 00| 0
007 ta
008 221004b |||||||| |||| 00| 0 guj d
024 _a44710
037 _cTextual
040 _aCRL
_cCRL
_bguj
041 _2guj
_aguj
082 _aO156,2M77,4, G7
100 _aRavi Nahynalal Dalpatram
_9577560
245 0 _aPunaykatha
260 _aahmadbad
_bnavchetna sahitya mandir india
_c1947
650 _aGUJRATI FICTION
942 _hO156,2M77,4, G7
_cTEXL
_2cc
999 _c928293
_d928293